Statystyki dla Fnaf Ultimate Custom Night Postacie

Kliknij tutaj aby rozwiązać quiz!

Ogólne statystyki

  • Ten quiz został rozwiązany 385 razy
  • Średni wynik to 33 z 50

Statystyki odpowiedzi

HintOdpowiedź% Poprawnych
2Bonnie
98%
1Freddy
98%
3Chica
97%
4Foxy
97%
6Toy Bonnie
87%
8Mangle
86%
7Toy Chica
86%
15Springtrap
84%
5Toy Freddy
84%
22Nightmare
81%
14Golden Freddy
78%
9BB
74%
10JJ
74%
17Phantom Freddy
71%
30Funtime Foxy
70%
19Nightmare Freddy
70%
13Marionette
69%
20Nightmare Bonnie
69%
50Phone Guy
67%
12Withered Bonnie
67%
11Withered Chica
67%
29Ballora
66%
16Phantom Mangle
65%
49Lefty
64%
21Nightmare Freadbear
63%
18Phantom BB
63%
40Rockstar bonnie
63%
39Rockstar freddy
63%
41Rockstar Chica
62%
48Afton
61%
42Rockstar Foxy
61%
28Circus Baby
60%
35Mr Hippo
60%
47Scrap Baby
60%
31Ennard
58%
25Nightmarionne
58%
45Funtime Chica
57%
46Molten Freddy
56%
26Nightmare BB
56%
43Music Man
55%
23Jack O Chica
54%
34Happy Frog
53%
44El Chip
51%
33Helpy
49%
24Nightmare Mangle
49%
38Orville Elephant
43%
36Pigpatch
43%
32Trash And The Gang
43%
37Nedd Bear
42%
27Old Man Consequences
38%

Rozkład punktacji

Percentyl według liczby udzielonych odpowiedzi

Procent ludzi z każdym wynikiem

Twoja historia wyników

Nie rozwiązałeś tego quizu